[Event "Fredericia-ch B"]
[Site "Fredericia"]
[Date "2012.10.01"]
[Round "5"]
[White "Marcussen, Claus"]
[Black "Simonsen, Mathias Kejlstrup"]
[Result "1-0"]
[WhiteElo "1720"]
[BlackElo "1720"]
[PlyCount "43"]
[EventDate "2012.09.03"]
[EventType "tourn"]
[EventRounds "5"]
[EventCountry "DEN"]
[SourceTitle "EXT 2023"]
[Source "ChessBase"]
[SourceDate "2022.10.05"]
[SourceVersion "1"]
[SourceVersionDate "2022.10.05"]
[SourceQuality "1"]

1. f4 d5 2. Nf3 Nf6 3. e3 g6 4. d4 Bg7 5. Bd3 0-0 6. Nbd2 c5 7. c3 Nbd7 8. Ne5 Qc7 9. Qe2 a6 10. 0-0 b5 11. b4 c4 12. Bc2 Nb6 13. e4 e6 14. f5 dxe4 15. fxg6 fxg6 16. Nxe4 Nfd5 17. Bd2 Nd7 18. Ng5 Nxe5 19. dxe5 Rxf1+ 20. Rxf1 Qxe5 21. Qf2 Qf6 22. Qh4 1-0

[Event "EU Union-ch U14 10th"]
[Site "Mureck"]
[Date "2012.08.08"]
[Round "8"]
[White "Schwander, Lukas"]
[Black "Simonsen, Mathias Kejlstrup"]
[Result "1-0"]
[WhiteElo "1732"]
[BlackElo "1822"]
[PlyCount "65"]
[EventDate "2012.08.01"]
[EventType "swiss"]
[EventRounds "9"]
[EventCountry "AUT"]
[SourceTitle "CBM 149 Extra"]
[Source "ChessBase"]
[SourceDate "2012.08.24"]
[SourceVersion "1"]
[SourceVersionDate "2012.08.24"]
[SourceQuality "1"]

1. Nf3 Nf6 2. g3 g6 3. Bg2 Bg7 4. 0-0 0-0 5. d4 c6 6. Nbd2 d5 7. b3 Nbd7 8. Bb2 Re8 9. Re1 e6 10. e4 Kh8 11. c4 Qc7 12. Qc2 b6 13. e5 Ng8 14. Ng5 Nb8 15. cxd5 h6 16. d6 Qd7 17. Nh3 Bb7 18. b4 Na6 19. a3 Rac8 20. Ne4 c5 21. Qd2 cxd4 22. Bxd4 Rc4 23. Rac1 Rec8 24. Rxc4 Rxc4 25. Rc1 Qc6 26. Rxc4 Qxc4 27. Qc3 Qa2 28. d7 Qb1+ 29. Bf1 Qxe4 30. f3 Qd5 31. Bb5 Nb8 32. Nf4 Nxd7 33. Nxd5 1-0

[Event "EU Union-ch U14 10th"]
[Site "Mureck"]
[Date "2012.08.04"]
[Round "4"]
[White "Arztmann, Nils"]
[Black "Simonsen, Mathias Kejlstrup"]
[Result "1/2-1/2"]
[WhiteElo "1897"]
[BlackElo "1822"]
[PlyCount "39"]
[EventDate "2012.08.01"]
[EventType "swiss"]
[EventRounds "9"]
[EventCountry "AUT"]
[SourceTitle "CBM 149 Extra"]
[Source "ChessBase"]
[SourceDate "2012.08.24"]
[SourceVersion "1"]
[SourceVersionDate "2012.08.24"]
[SourceQuality "1"]

1. e4 c5 2. c3 e6 3. Nf3 Nc6 4. d4 cxd4 5. cxd4 Qc7 6. g3 Nf6 7. Nc3 Bb4 8. Qd3 d5 9. e5 Ne4 10. Bd2 Nxd2 11. Nxd2 a6 12. a3 Be7 13. Rc1 f6 14. exf6 Bxf6 15. Nb3 0-0 16. Bg2 Qf7 17. 0-0 Bd7 18. Ne2 Ne7 19. Nc3 b6 20. f4 1/2-1/2